[Альбом репродукций]

Xehetasun bibliografikoak
Egile nagusia: Давид Ж. Л. Жак Луи
Beste egile batzuk: Прокофьев В. (составитель)
Hizkuntza:errusiera
Argitaratua: Москва, Изогиз, 1960
Saila:Мастера мирового искусства
Gaiak:
Formatua: MixedMaterials Liburua
KOHA link:https://koha.lib.tpu.ru/cgi-bin/koha/opac-detail.pl?biblionumber=326746

MARC

LEADER 00000nam0a2200000 4500
001 326746
005 20231102003906.0
035 |a (RuTPU)RU\TPU\book\352406 
090 |a 326746 
100 |a 20170114d1960 m y0rusy50 ca 
101 0 |a rus 
102 |a RU 
105 |a a z 000zy 
200 1 |a [Альбом репродукций]  |f Ж. Л. Давид  |g сост. В. Прокофьев 
210 |a Москва  |c Изогиз  |d 1960 
215 |a 15 с.  |c 15 л. ил. 
225 1 |a Мастера мирового искусства 
606 1 |a Живопись  |2 stltpush  |3 (RuTPU)RU\TPU\subj\73461  |9 86457 
610 1 |a Франция 
610 1 |a французская живопись 
610 1 |a искусство 
610 1 |a неоклассицизм 
675 |a 75  |v 4 
700 1 |a Давид  |b Ж. Л.  |c французский живописец  |f 1748-1825  |g Жак Луи  |2 stltpush  |3 (RuTPU)RU\TPU\pers\11980  |9 3088 
702 1 |a Прокофьев  |b В.  |4 220 
801 1 |a RU  |b 63413507  |c 20170114 
801 2 |a RU  |b 63413507  |c 20170815  |g RCR 
942 |c BK